| 000 | 00456nam a2200157Ia 4500 | ||
|---|---|---|---|
| 008 | 210210b1997 xxu||||| |||| 00| 0 eng d | ||
| 020 | _a81 259 0297 X | ||
| 082 | _a324.95492 THIG | ||
| 100 | _aTHIAGARAJAH (Jeevan). | ||
| 245 | _aGovernance and electoral process in Bangladesh. | ||
| 260 |
_aND _bVikas Publishing House Pvt Ltd. _c1997 |
||
| 300 | _axi,219 | ||
| 650 | _aElectoral process Bangladesh | ||
| 690 | _aPolitical Process | ||
| 906 | _a052271 | ||
| 999 |
_c100579 _d100579 |
||